| 000 | 00503nam a2200181Ia 4500 | ||
|---|---|---|---|
| 003 | OSt | ||
| 005 | 20240605142754.0 | ||
| 008 | 210210b1938 xxu||||| |||| 00| 0 eng d | ||
| 040 | _cAL | ||
| 041 | _akan | ||
| 082 | _a859/2197 | ||
| 100 |
_aSUNDARARAJ (B K) _9158550 _dಸುಂದರರಾಜ್ (ಬಿ ಕೆ) |
||
| 245 |
_aAsthana purohita _bಆಸ್ಥಾನ ಪುರೋಹಿತ |
||
| 260 |
_aBengaluru _b- _c1938 |
||
| 690 |
_aKannada Fiction _9158551 |
||
| 906 | _a022909 | ||
| 942 |
_2ddc _cBK |
||
| 999 |
_c147610 _d147610 |
||